00703nam a2200205Ia 4500001000700000003000500007008004100012010001100053040000900064082001500073100006500088245006600153260004600219300002100265440000500286500001600291503000500307650014900312650003600461Z_3032CHAP220113s1994 xx 000 0 und d a166117 cCHAP a636.085 R4 aReunión de Nutrición Animal (5 : 1994 : Saltillo, Coah.) aMemorias /cpor Universidad Autónoma Agraria Antonio Narro aSaltillo, Coah. :bLa Universidad,c1994 a233 p. : bilus. a aFotocopía a aAlimentos y alimentación del ganadoxCongresos I. Universidad Agraria Antonio Narro. Saltillo, Coah. Departamento de Nutrición Animal II. t. aNutrición animalx Congresos